AFL Ladder After Round 1 - Statistics

General Stats
  • This quiz has been taken 15 times
  • The average score is 15 of 18
Answer Stats
Ladder Position Wins Loses Points Team % Correct
1 2 0 8 Sydney
100%
5 1 0 4 Adelaide
91%
11 1 1 4 Carlton
91%
8 1 1 4 Collingwood
91%
9 1 1 4 Geelong
91%
2 2 0 8 Gold Coast
91%
7 1 0 4 Melbourne
91%
4 1 0 4 North Melbourne
91%
3 2 0 8 Western Bulldogs
91%
15 0 2 0 Brisbane
82%
13 0 1 0 Fremantle
82%
6 1 1 4 Hawthorn
82%
16 0 1 0 Port Adelaide
82%
12 0 1 0 Richmond
82%
14 0 2 0 St Kilda
82%
18 0 1 0 West Coast
82%
17 0 1 0 Essendon
73%
10 1 1 4 GWS
73%
No matching quizzes found
Score Distribution
Percent of People with Each Score
Percentile by Number Answered
Your Score History
You have not taken this quiz